000 00831nam a2200205Ia 4500
003 GCL
008 140319s9999 xx 000 0 ara d
020 _a8654601977
040 _aGCL /
_cGCL
082 0 4 _aق
_b327.620612
_bا م
100 1 _aاحمد عبدالحليم دراز
245 1 0 _aمصر وليبيا فيما بين القرن السابع والقرن الرابع ق . م /
_cاحمد عبدالحليم دراز
260 _aالقاهرة :
_bالهيئة المصرية العامة للكتاب ،
_c2000
300 _a285 ص ؛
_c20 سم
490 _aتاريخ المصريين
_v174
650 0 4 _aليبيا - تاريخ
650 0 4 _aمصر القديمة - تاريخ - الدولة الوسطى ( 2260-1580 ق. م )
650 0 4 _aليبيا - الاحوال السياسية
942 _2ddc
_cBK
999 _c34383
_d34383